Manejo de frutales de carozo y difusión de nuevas variedades /

Guardado en:
Autor Principal: Marini, Diana.
Formato: Libro
Idioma:Spanish
Publicado: 1992.
Etiquetas: Agregar Etiqueta
Sin Etiquetas, Sea el primero en etiquetar este registro!
LEADER 00504nam a22001455a 4500
001 EEA.libagro005388
005 20180703113848.0
008 130809s1992####ag#a##########000#0#spa#d
082 0 4 |a 634.2 
100 1 |a Marini, Diana. 
245 1 0 |a Manejo de frutales de carozo y difusión de nuevas variedades /  |c Diana Marini. 
260 |c 1992. 
300 |a 14 h. :  |b il. ;  |c 34 cm. 
500 |a Informe sobre pasantía realizada en INTA EEA Junín, provincia de Mendoza. 
859 |a AR-BbBCA  |b BIB. AGRONOMIA  |h 634.2  |i M339  |p 1996/2701